Dynamics of uneven development /

Bibliographic Details
Main Author: Mainwaring, Lynn, 1949-
Format: Book
Language:English
Published: Aldershot, Hants, England ; Brookfield, Vt., USA : E. Elgar, [1991]
Subjects:

MARC

Tag First Indicator Second Indicator Subfields
LEADER 00000cam a2200000 a 4500
001 in00001027421
005 20150928121527.0
008 900803s1991 vtua b 001 0 eng
010 |a  90045398  
020 |a 1852783192 
035 |a (OCoLC)22274132 
035 |9 AFG0331AM 
040 |a DLC  |c DLC  |d TXA  |d UtOrBLW 
049 |a TXAM 
050 0 0 |a HD82  |b .M344 1991 
082 0 0 |a 338.9  |2 20 
100 1 |a Mainwaring, Lynn,  |d 1949- 
245 1 0 |a Dynamics of uneven development /  |c Lynn Mainwaring. 
264 1 |a Aldershot, Hants, England ;  |a Brookfield, Vt., USA :  |b E. Elgar,  |c [1991] 
264 4 |c ©1991 
300 |a ix, 245 pages :  |b illustrations ;  |c 23 cm. 
336 |a text  |b txt  |2 rdacontent 
337 |a unmediated  |b n  |2 rdamedia 
338 |a volume  |b nc  |2 rdacarrier 
504 |a Includes bibliographical references (pages 235-240) and indexes. 
650 0 |a Autarchy. 
650 0 |a Economic development. 
650 0 |a International trade. 
999 |a MARS 
999 f f |s 302cc80a-a977-3b57-b0d6-ea1e2fbc13e3  |i 0657385d-4a41-3a9b-ab11-9f5a69e3da54  |t 0 
952 f f |p ric  |a Texas A&M University  |b Rellis Campus  |c Joint Library Facility  |d Remote Storage  |t 0  |e HD82 .M344 1991  |h Library of Congress classification  |i unmediated -- volume  |m A14815256011 
998 f f |a HD82 .M344 1991  |t 0  |l Remote Storage